<?xml version="1.0" encoding="UTF-8"?>
<collection xmlns="http://www.loc.gov/MARC21/slim">
 <record>
  <leader>00566pamaa2200133   4500</leader>
  <controlfield tag="001">0000027176</controlfield>
  <controlfield tag="005">20000826090000.0</controlfield>
  <datafield tag="020" ind1="0" ind2="0">
   <subfield code="a">0406008019 </subfield>
  </datafield>
  <datafield tag="090" ind1="0" ind2="0">
   <subfield code="a">336.32 </subfield>
   <subfield code="b">BUT</subfield>
  </datafield>
  <datafield tag="245" ind1="0" ind2="0">
   <subfield code="a">BUTTERWORTHS Handbook on the income and corporation taxes act 1988  </subfield>
   <subfield code="c">edited by Butterworth Editorial Staff.</subfield>
  </datafield>
  <datafield tag="260" ind1="0" ind2="0">
   <subfield code="a">London: </subfield>
   <subfield code="b">Butterworths, </subfield>
   <subfield code="c">1988.</subfield>
  </datafield>
  <datafield tag="300" ind1=" " ind2=" ">
   <subfield code="a">various pages; </subfield>
   <subfield code="c">25cm.</subfield>
  </datafield>
  <datafield tag="650" ind1="0" ind2="0">
   <subfield code="a">Income tax -- </subfield>
   <subfield code="x">Law and legislation -- </subfield>
   <subfield code="x">Handbooks, manuals, etc. -- </subfield>
   <subfield code="z">Great Britain </subfield>
  </datafield>
  <datafield tag="650" ind1="0" ind2="0">
   <subfield code="a">Corporation -- </subfield>
   <subfield code="x">Taxation -- </subfield>
   <subfield code="x">Law and legislation -- </subfield>
   <subfield code="x">Handbooks, manuals, etc. -- </subfield>
   <subfield code="z">Great Britain </subfield>
  </datafield>
 </record>
</collection>
